Normal view MARC view

Entry Personal Name

Number of records used in: 1

001 - CONTROL NUMBER

  • control field: 1004

003 - CONTROL NUMBER IDENTIFIER

  • control field: PK-NaQUE

005 - DATE AND TIME OF LATEST TRANSACTION

  • control field: 20260629103312.0

008 - FIXED-LENGTH DATA ELEMENTS

  • fixed length control field: 260629|| aca||aabn | a|a d

040 ## - CATALOGING SOURCE

  • Original cataloging agency: PK-NaQUE
  • Transcribing agency: PK-NaQUE

100 ## - HEADING--PERSONAL NAME

  • Personal name: Shabeer Ahmed
  • Personal name: 19-17-MSIT-15
  • Personal name: Supervisor - Dr. Saima Siraj Soomro

670 ## - SOURCE DATA FOUND

  • Source citation: Work cat.: (PK-NaQUE)69065: Shabeer Ahmed 19-17-MSIT-15 Supervisor - Dr. Saima Siraj Soomro, Exploring Wireless Body Area Networks: Architecture and Emerging Research Challenges (Thesis MS), 2024